| 000 | 00664nam a2200229 4500 | ||
|---|---|---|---|
| 001 | 126531 | ||
| 003 | ES-MaACL | ||
| 005 | 20250829051023.0 | ||
| 007 | t| | ||
| 008 | 070214s1963 sp r ||||1| spa d | ||
| 080 | _a608 | ||
| 100 | 1 |
_aRepollés, José _9239299 |
|
| 245 | 1 | 4 |
_aLas siete maravillas de nuestro siglo / _cJosé Repollés. |
| 260 |
_aBarcelona : _bTrimer, _c1963. |
||
| 300 |
_a178 p., 8 lám. ; _c21 cm. |
||
| 490 | 1 |
_aTemas de hoy ; _v3 |
|
| 650 | 7 |
_aDescubrimientos científicos _2embne _911825 |
|
| 650 | 4 |
_aInventos. _913884 |
|
| 830 | 1 |
_aTemas de hoy ; _v3 _9184570 |
|
| 852 | 4 |
_aES-MaACL _jC-24351 |
|
| 999 |
_c126531 _d126531 |
||